Pays des Balkans sur une carte - Statistiques

Statistiques générales
  • Ce quiz a été pris 1 235 fois
  • Le résultat moyen est 12 sur 13
Réponses sur la Carte
Les réponses sont colorées sur une échelle allant du rouge au vert en fonction du pourcentage des utilisateurs qui les ont devinées à leur premier essai. Vous pouvez retrouver ces pourcentages ci-dessous.
 
Statistiques - réponses
Pays % Correct
Grèce
98%
Albanie
97%
Croatie
97%
Kosovo
95%
Serbie
94%
Macédoine du Nord
93%
Monténégro
92%
Bosnie-Herzégovine
91%
Bulgarie
91%
Slovénie
91%
Roumanie
85%
Turquie
76%
Italie
66%
Aucun quiz correspondant
Distribution des résultats
% des personnes avec chaque résultat
Percentile par nombre de réponses
Votre historique - résultats
Vous n’avez pas pris ce quiz